[Event "Belgrade-chT"]
[Site "Belgrade"]
[Date "2020.10.12"]
[Round "8.4"]
[White "Milin, Dragan"]
[Black "Lovric, Robert"]
[Result "0-1"]
[WhiteElo "2060"]
[BlackElo "1999"]
[PlyCount "67"]
[EventDate "2020.10.04"]
[EventType "team-tourn"]
[EventRounds "9"]
[EventCountry "SRB"]
[SourceTitle "EXT 2022"]
[Source "ChessBase"]
[SourceDate "2021.10.06"]
[SourceVersion "1"]
[SourceVersionDate "2021.10.06"]
[SourceQuality "1"]
[WhiteTeam "Bogoslov"]
[BlackTeam "Romanticari"]
[WhiteTeamCountry "SRB"]
[BlackTeamCountry "SRB"]

1. d4 d5 2. Nf3 Nf6 3. e3 e6 4. Nbd2 b6 5. Bd3 Bb7 6. Qe2 Nbd7 7. Ne5 Nxe5 8. dxe5 Nd7 9. f4 Nc5 10. 0-0 Nxd3 11. cxd3 Ba6 12. Nf3 c5 13. Rd1 Be7 14. Bd2 0-0 15. Be1 Rc8 16. Qf2 Rc7 17. g4 Qd7 18. d4 Rfc8 19. Bc3 Bc4 20. Qc2 a5 21. f5 a4 22. Rd2 Ba6 23. Re1 b5 24. dxc5 Rxc5 25. f6 gxf6 26. a3 Rc4 27. Rg2 d4 28. exd4 Bb7 29. Rf2 Qc6 30. Qb1 Kh8 31. h3 Rg8 32. Kh2 fxe5 33. Nxe5 Bd6 34. Kg3 0-1

[Event "Belgrade-chT"]
[Site "Belgrade"]
[Date "2020.10.11"]
[Round "7.4"]
[White "Lovric, Robert"]
[Black "Jakovljevic, Vladimir"]
[Result "1/2-1/2"]
[WhiteElo "1999"]
[BlackElo "2203"]
[PlyCount "80"]
[EventDate "2020.10.04"]
[EventType "team-tourn"]
[EventRounds "9"]
[EventCountry "SRB"]
[SourceTitle "EXT 2022"]
[Source "ChessBase"]
[SourceDate "2021.10.06"]
[SourceVersion "1"]
[SourceVersionDate "2021.10.06"]
[SourceQuality "1"]
[WhiteTeam "Romanticari"]
[BlackTeam "MZ Cirilo i Metodije"]
[WhiteTeamCountry "SRB"]
[BlackTeamCountry "SRB"]

1. e4 c5 2. Nf3 Nc6 3. d4 cxd4 4. Nxd4 g6 5. Nc3 Bg7 6. Be3 Nf6 7. Bc4 0-0 8. Bb3 d6 9. f3 Na5 10. Qd2 Nxb3 11. Nxb3 Bd7 12. 0-0 b5 13. Ne2 a5 14. a3 Qc7 15. c3 e5 16. Rfd1 Be6 17. Nbc1 d5 18. Ng3 dxe4 19. Nxe4 Nxe4 20. fxe4 Rfd8 21. Qe1 Rxd1 22. Qxd1 Rd8 23. Qc2 a4 24. b3 Qd6 25. bxa4 Qd1+ 26. Qxd1 Rxd1+ 27. Kf2 bxa4 28. Rb1 Bb3 29. Rb2 Bf8 30. Nxb3 axb3 31. Rxb3 Ra1 32. Rb8 Kg7 33. Bh6+ Kxh6 34. Rxf8 Rxa3 35. Rxf7 Rxc3 36. Re7 Rc5 37. Kf3 Kg5 38. Rxh7 Rc3+ 39. Kf2 Rc2+ 40. Kf3 Rc3+ 1/2-1/2

[Event "Belgrade-chT Quality"]
[Site "Belgrade"]
[Date "2019.10.31"]
[Round "11.4"]
[White "Savkic, Igor"]
[Black "Lovric, Robert"]
[Result "1-0"]
[WhiteElo "1978"]
[BlackElo "2050"]
[PlyCount "36"]
[EventDate "2019.10.05"]
[EventType "team-tourn"]
[EventRounds "11"]
[EventCountry "SRB"]
[SourceTitle "EXT 2022"]
[Source "ChessBase"]
[SourceDate "2021.10.06"]
[SourceVersion "1"]
[SourceVersionDate "2021.10.06"]
[SourceQuality "1"]
[WhiteTeam "BASK"]
[BlackTeam "Romanticari"]
[WhiteTeamCountry "SRB"]
[BlackTeamCountry "SRB"]

1. e4 e5 2. Nf3 Nc6 3. Nc3 Nf6 4. Bb5 Nd4 5. 0-0 Nxb5 6. Nxb5 c6 7. Nc3 d6 8. d4 Qc7 9. h3 Be7 10. Bg5 0-0 11. Re1 Re8 12. Qd3 h6 13. Bh4 Nh5 14. Ne2 g5 15. Bg3 Nf4 16. Bxf4 gxf4 17. Nh2 Kh8 18. Qc3 f6 1-0

[Event "Belgrade-chT Quality"]
[Site "Belgrade"]
[Date "2019.10.13"]
[Round "4.5"]
[White "Lovric, Robert"]
[Black "Lalic, Mile"]
[Result "0-1"]
[WhiteElo "2050"]
[BlackElo "1933"]
[PlyCount "78"]
[EventDate "2019.10.05"]
[EventType "team-tourn"]
[EventRounds "11"]
[EventCountry "SRB"]
[SourceTitle "EXT 2022"]
[Source "ChessBase"]
[SourceDate "2021.10.06"]
[SourceVersion "1"]
[SourceVersionDate "2021.10.06"]
[SourceQuality "1"]
[WhiteTeam "Romanticari"]
[BlackTeam "Belgrade Tehnicka Skola"]
[WhiteTeamCountry "SRB"]
[BlackTeamCountry "SRB"]

1. e4 c6 2. d4 d5 3. Nc3 dxe4 4. Nxe4 Nf6 5. Nxf6+ exf6 6. c3 Bd6 7. Bd3 0-0 8. Qc2 Re8+ 9. Ne2 g6 10. Bd2 Nd7 11. 0-0-0 Nf8 12. Bh6 Qa5 13. Kb1 b5 14. h4 Be6 15. b3 Qc7 16. h5 a5 17. f3 Rab8 18. g4 Bd5 19. Rh3 Rb7 20. Rdh1 Qb8 21. Bxf8 Kxf8 22. hxg6 hxg6 23. Nc1 Ke7 24. Be4 Kd8 25. Rh8 Kc7 26. R8h7 Kb6 27. Ka1 Rbe7 28. c4 bxc4 29. bxc4 Bxe4 30. c5+ Ka7 31. fxe4 Bc7 32. Re1 Qb4 33. Rd1 Rb8 34. Ne2 Rxe4 35. Rxf7 Rxe2 36. Rxc7+ Ka8 37. Qc1 Rxa2+ 38. Kxa2 Qb3+ 39. Ka1 Qa4+ 0-1

[Event "Belgrade-chTB Quality"]
[Site "Belgrade"]
[Date "2018.10.27"]
[Round "9.6"]
[White "Sarovski, Nikola"]
[Black "Lovric, Robert"]
[Result "0-1"]
[WhiteElo "1893"]
[BlackElo "2069"]
[PlyCount "63"]
[EventDate "2018.09.29"]
[EventType "team-tourn"]
[EventRounds "11"]
[EventCountry "SRB"]
[SourceTitle "CBM 187 Extra"]
[Source "ChessBase"]
[SourceDate "2018.11.04"]
[SourceVersion "1"]
[SourceVersionDate "2018.11.04"]
[SourceQuality "1"]
[WhiteTeam "Belgrade BASK"]
[BlackTeam "Belgrade Romanticari"]
[WhiteTeamCountry "SRB"]
[BlackTeamCountry "SRB"]

1. d4 d5 2. c4 e6 3. Nc3 Nf6 4. Bg5 Bb4 5. Rc1 Nbd7 6. e3 c5 7. cxd5 exd5 8. Bd3 Qa5 9. a3 Bxc3+ 10. Rxc3 c4 11. Bc2 0-0 12. Ne2 Re8 13. 0-0 b5 14. Ng3 g6 15. Qf3 Qb6 16. b4 Bb7 17. a4 a6 18. a5 Qd6 19. Rb1 Re6 20. Qf4 Qxf4 21. Bxf4 Kg7 22. f3 Rae8 23. Kf2 h6 24. h4 Nf8 25. Be5 N8d7 26. Bf4 Nb8 27. Bxb8 Rxb8 28. Rh1 h5 29. Ne2 Rbe8 30. Nf4 R6e7 31. Rh3 Kh6 32. Rg3 0-1

[Event "Belgrade-chTB Quality"]
[Site "Belgrade"]
[Date "2018.10.13"]
[Round "5.7"]
[White "Djordjevic, Zoran To"]
[Black "Lovric, Robert"]
[Result "1/2-1/2"]
[WhiteElo "1956"]
[BlackElo "2069"]
[PlyCount "41"]
[EventDate "2018.09.29"]
[EventType "team-tourn"]
[EventRounds "11"]
[EventCountry "SRB"]
[SourceTitle "CBM 187 Extra"]
[Source "ChessBase"]
[SourceDate "2018.11.04"]
[SourceVersion "1"]
[SourceVersionDate "2018.11.04"]
[SourceQuality "1"]
[WhiteTeam "Belgrade EDB"]
[BlackTeam "Belgrade Romanticari"]
[WhiteTeamCountry "SRB"]
[BlackTeamCountry "SRB"]

1. e4 e5 2. Nf3 Nc6 3. Bb5 a6 4. Ba4 Nf6 5. 0-0 Be7 6. Re1 b5 7. Bb3 d6 8. h3 Na5 9. c3 Nxb3 10. Qxb3 Bb7 11. d3 0-0 12. a4 Bc6 13. axb5 axb5 14. Na3 Qd7 15. Be3 Rfb8 16. Nc2 h6 17. Ba7 Re8 18. Ra5 g5 19. Ne3 Qe6 20. Qc2 Nh5 21. Nf5 1/2-1/2

[Event "Belgrade-chTB Quality"]
[Site "Belgrade"]
[Date "2018.10.07"]
[Round "4.6"]
[White "Popovic, Ivan M"]
[Black "Lovric, Robert"]
[Result "0-1"]
[WhiteElo "2001"]
[BlackElo "2069"]
[PlyCount "84"]
[EventDate "2018.09.29"]
[EventType "team-tourn"]
[EventRounds "11"]
[EventCountry "SRB"]
[SourceTitle "CBM 187 Extra"]
[Source "ChessBase"]
[SourceDate "2018.11.04"]
[SourceVersion "1"]
[SourceVersionDate "2018.11.04"]
[SourceQuality "1"]
[WhiteTeam "Belgrade Rakovica"]
[BlackTeam "Belgrade Romanticari"]
[WhiteTeamCountry "SRB"]
[BlackTeamCountry "SRB"]

1. e4 e5 2. Nf3 Nc6 3. Bb5 a6 4. Ba4 Nf6 5. d3 b5 6. Bb3 Be7 7. 0-0 0-0 8. Re1 d6 9. c3 h6 10. h3 Re8 11. Nbd2 Bf8 12. a4 Bb7 13. Nf1 Na5 14. Bc2 c5 15. Ng3 Nc6 16. Nf5 d5 17. Qe2 d4 18. Nh2 dxc3 19. bxc3 b4 20. Rb1 a5 21. Ng4 Bc8 22. Nxf6+ Qxf6 23. Ne3 Qg6 24. Kh1 Be6 25. Nd5 Ra7 26. f4 exf4 27. Nxf4 Qf6 28. Nxe6 Qxe6 29. Bb3 Qe5 30. Bd5 Bd6 31. g4 Ne7 32. d4 Qg3 33. Bc4 Qxh3+ 34. Kg1 Qg3+ 35. Kh1 Ng6 36. e5 Bxe5 37. Be3 Qh3+ 38. Kg1 Bf4 39. Qg2 Qxg2+ 40. Kxg2 Rxe3 41. Rxe3 Bxe3 42. Kg3 cxd4 0-1

[Event "Belgrade-chT"]
[Site "Belgrade"]
[Date "2016.10.15"]
[Round "7.5"]
[White "Trailovic, Aleksandar1111"]
[Black "Lovric, Robert"]
[Result "1/2-1/2"]
[WhiteElo "2121"]
[BlackElo "2040"]
[PlyCount "55"]
[EventDate "2016.10.08"]
[EventType "team-tourn"]
[EventRounds "13"]
[EventCountry "SRB"]
[SourceTitle "CBM 175 Extra"]
[Source "ChessBase"]
[SourceDate "2016.12.12"]
[SourceVersion "1"]
[SourceVersionDate "2016.12.12"]
[SourceQuality "1"]
[WhiteTeam "Post Stedionica"]
[BlackTeam "Romanticari"]
[WhiteTeamCountry "SRB"]
[BlackTeamCountry "SRB"]

1. d4 Nf6 2. c4 g6 3. Nc3 Bg7 4. g3 0-0 5. Bg2 d6 6. Nf3 Nc6 7. 0-0 a6 8. b3 Rb8 9. Bb2 b5 10. d5 Na5 11. cxb5 axb5 12. Nd4 b4 13. Na4 Bd7 14. Rc1 Bxa4 15. bxa4 Nd7 16. e4 Nc5 17. e5 Qe8 18. Nb5 Nxa4 19. Qxa4 Qxb5 20. Qxb5 Rxb5 21. Rxc7 Rc5 22. exd6 exd6 23. Bxg7 Rxc7 24. Bxf8 Kxf8 25. Rb1 Rc2 26. Rxb4 Rxa2 27. Bf1 Ra3 28. Rb6 1/2-1/2

[Event "Belgrade-chT"]
[Site "Belgrade"]
[Date "2016.10.14"]
[Round "6.3"]
[White "Joksimovic, Dragoljub"]
[Black "Lovric, Robert"]
[Result "0-1"]
[WhiteElo "2170"]
[BlackElo "2040"]
[PlyCount "129"]
[EventDate "2016.10.08"]
[EventType "team-tourn"]
[EventRounds "13"]
[EventCountry "SRB"]
[SourceTitle "EXT 2017"]
[Source "ChessBase"]
[SourceDate "2016.10.25"]
[SourceVersion "1"]
[SourceVersionDate "2016.10.25"]
[SourceQuality "1"]
[WhiteTeam "Politika"]
[BlackTeam "Romanticari"]
[WhiteTeamCountry "SRB"]
[BlackTeamCountry "SRB"]

1. c4 e6 2. Nc3 d5 3. d4 Nf6 4. Nf3 c6 5. g3 dxc4 6. Bg2 Nbd7 7. a4 Bb4 8. 0-0 0-0 9. Qc2 a5 10. Rd1 Nb6 11. e4 Qc7 12. e5 Nfd5 13. Ng5 f5 14. exf6 gxf6 15. Nf3 Qg7 16. Re1 Qg6 17. Re4 Kh8 18. Nh4 Qg7 19. Bd2 f5 20. Re2 Qxd4 21. Bh6 Re8 22. Rae1 Qf6 23. Bd2 Bxc3 24. bxc3 Bd7 25. Nf3 c5 26. Ra1 Reb8 27. Ne5 Be8 28. Bxd5 exd5 29. Bf4 Kg8 30. Nf3 Rc8 31. Bg5 Qg6 32. Re7 Bc6 33. Qd2 Re8 34. Nh4 Qh5 35. Nxf5 Rxe7 36. Nxe7+ Kf8 37. Qf4+ Qf7 38. Bh6+ Ke8 39. Nf5 Nc8 40. Ng7+ Kf8 41. Qg5 Qg6 42. Ne6+ Kf7 43. Nd8+ Kg8 44. Qh4 Nd6 45. Re1 Nf5 46. Nxc6 Nxh4 47. Ne7+ Kf7 48. Nxg6 Nf3+ 49. Kf1 Nxe1 50. Nf4 Nd3 51. Nxd5 Rd8 52. Ne3 Nb2 53. Bf4 Nxa4 54. Nxc4 b6 55. Be5 Ke6 56. f4 Kd5 57. Na3 Kc6 58. c4 Rd2 59. f5 Nb2 60. Bg7 Kd7 61. h4 Nd3 62. g4 Rf2+ 63. Kg1 Rd2 64. Nb5 Nf4 65. g5 0-1

[Event "Belgrade-chT"]
[Site "Belgrade"]
[Date "2016.10.09"]
[Round "2.1"]
[White "Lovric, Robert"]
[Black "Vujacic, Borivoje"]
[Result "0-1"]
[WhiteElo "2040"]
[BlackElo "2231"]
[PlyCount "74"]
[EventDate "2016.10.08"]
[EventType "team-tourn"]
[EventRounds "13"]
[EventCountry "SRB"]
[SourceTitle "EXT 2017"]
[Source "ChessBase"]
[SourceDate "2016.10.25"]
[SourceVersion "1"]
[SourceVersionDate "2016.10.25"]
[SourceQuality "1"]
[WhiteTeam "Romanticari"]
[BlackTeam "Crvena Zvezda"]
[WhiteTeamCountry "SRB"]
[BlackTeamCountry "SRB"]

1. e4 c5 2. Nf3 d6 3. d4 cxd4 4. Nxd4 Nf6 5. Nc3 a6 6. Bg5 e6 7. f4 h6 8. Bh4 Nbd7 9. Qf3 Be7 10. 0-0-0 Qc7 11. Bd3 g5 12. fxg5 Ne5 13. Qe2 Nfg4 14. h3 hxg5 15. Bg3 Nf6 16. Nf3 Nh5 17. Bh2 Bd7 18. Rhf1 Nf4 19. Bxf4 gxf4 20. Kb1 0-0-0 21. Qd2 Ng6 22. Ne2 e5 23. Nc3 Be6 24. Be2 Kb8 25. Nd5 Qc5 26. c4 Bxd5 27. Qxd5 Qxd5 28. Rxd5 Bf6 29. Rfd1 Kc7 30. R5d2 Ne7 31. Bd3 Rhg8 32. Rf2 Rg3 33. Rdd2 Nc6 34. a3 a5 35. b3 Re8 36. Bf1 Bg7 37. Rde2 Kd7 0-1

[Event "Belgrade Trophy 29th"]
[Site "Belgrade"]
[Date "2015.11.27"]
[Round "4"]
[White "Lovric, Robert"]
[Black "Azaric, Slavko"]
[Result "1/2-1/2"]
[WhiteElo "2035"]
[BlackElo "2336"]
[PlyCount "71"]
[EventDate "2015.11.24"]
[EventType "swiss"]
[EventRounds "9"]
[EventCountry "SRB"]
[SourceTitle "CBM 170 Extra"]
[Source "ChessBase"]
[SourceDate "2016.02.25"]
[SourceVersion "1"]
[SourceVersionDate "2016.02.25"]
[SourceQuality "1"]

1. e4 d6 2. d4 Nf6 3. Nc3 e5 4. Nf3 Nbd7 5. Bc4 Be7 6. 0-0 0-0 7. Re1 c6 8. a4 exd4 9. Nxd4 Ne5 10. Bb3 Re8 11. h3 Bf8 12. Bf4 a5 13. Qd2 Ng6 14. Bh2 Be6 15. Rad1 Bxb3 16. Nxb3 Ne5 17. Bxe5 dxe5 18. Qxd8 Rexd8 19. Rxd8 Rxd8 20. Nxa5 Bb4 21. Nc4 Rd4 22. Nxe5 Bxc3 23. bxc3 Rxe4 24. Rxe4 Nxe4 25. c4 Nd2 26. c5 Ne4 27. Nd3 f5 28. a5 Kf7 29. Ne5+ Ke6 30. Nxc6 Nxc5 31. Nb4 Ke5 32. c3 Na4 33. a6 bxa6 34. Nxa6 Nxc3 35. Nc5 Kd6 36. Nd3 1/2-1/2

[Event "Belgrade-chT Quality"]
[Site "Belgrade"]
[Date "2009.10.18"]
[Round "3"]
[White "Lovric, Robert"]
[Black "Djalovic, Velizar"]
[Result "0-1"]
[WhiteElo "2041"]
[BlackElo "2177"]
[PlyCount "76"]
[EventDate "2009.10.11"]
[EventType "team-tourn"]
[EventRounds "11"]
[EventCountry "YUG"]
[SourceTitle "CBM 133 Extra"]
[Source "ChessBase"]
[SourceDate "2010.01.05"]
[SourceVersion "1"]
[SourceVersionDate "2010.01.05"]
[SourceQuality "1"]

1. e4 c5 2. Nf3 b6 3. d4 cxd4 4. Nxd4 Bb7 5. Nc3 a6 6. Bd3 g6 7. Be3 Bg7 8. 0-0 d6 9. f4 Nd7 10. Qe1 Ngf6 11. Kh1 Nc5 12. Bg1 0-0 13. Rd1 Nxd3 14. Rxd3 b5 15. a3 Rc8 16. Rh3 Qd7 17. Rff3 Rxc3 18. Rxc3 Bxe4 19. Rhe3 d5 20. Re2 Qd6 21. Rc6 Qxf4 22. Qd2 Qg4 23. Rxa6 Nh5 24. c3 Ng3+ 25. hxg3 Qxg3 26. Bh2 Qh4 27. Qf4 Qh5 28. Rxe4 dxe4 29. g4 Qd5 30. Qe3 e5 31. Ne2 f5 32. g5 f4 33. Nxf4 exf4 34. Bxf4 Qd1+ 35. Kg2 Qg4+ 36. Bg3 Be5 37. Kh2 Bxg3+ 38. Qxg3 Qe2+ 0-1

[Event "Belgrade-chT Quality"]
[Site "Belgrade"]
[Date "2008.11.01"]
[Round "1"]
[White "Stojkovic, Borivoje"]
[Black "Lovric, Robert"]
[Result "1-0"]
[WhiteElo "1994"]
[BlackElo "2066"]
[PlyCount "51"]
[EventDate "2008.11.01"]
[EventType "team-swiss"]
[EventRounds "11"]
[EventCountry "YUG"]
[SourceTitle "CBM 127 Extra"]
[Source "ChessBase"]
[SourceDate "2009.01.08"]
[SourceVersion "2"]
[SourceVersionDate "2009.01.28"]
[SourceQuality "1"]

1. e4 c5 2. Nf3 d6 3. d4 cxd4 4. Nxd4 Nf6 5. Bd3 g6 6. c4 Bg7 7. Nc3 0-0 8. 0-0 Nc6 9. Nc2 Bd7 10. Rb1 Rc8 11. Ne3 Ne5 12. Be2 Bc6 13. f3 Ne8 14. Kh1 b6 15. Nb5 Bxb5 16. cxb5 Nc7 17. f4 Nd7 18. b4 Nf6 19. Qd3 d5 20. e5 Ne4 21. Bf3 f5 22. exf6 Nxf6 23. f5 e5 24. fxe6 Nxe6 25. Bd2 d4 26. Ng4 1-0

[Event "Belgrade Spring op"]
[Site "Belgrade"]
[Date "2008.03.31"]
[Round "7"]
[White "Tasev, Dejan"]
[Black "Lovric, Robert"]
[Result "1-0"]
[WhiteElo "1941"]
[BlackElo "2105"]
[PlyCount "97"]
[EventDate "2008.03.25"]
[EventType "swiss"]
[EventRounds "9"]
[EventCountry "YUG"]
[SourceTitle "CBM 123 Extra"]
[Source "ChessBase"]
[SourceDate "2008.05.06"]
[SourceVersion "1"]
[SourceVersionDate "2008.05.06"]
[SourceQuality "1"]

1. e4 c5 2. Nf3 d6 3. d4 cxd4 4. Nxd4 Nf6 5. Nc3 g6 6. Be3 Bg7 7. f3 0-0 8. Bc4 Nc6 9. Bb3 Bd7 10. Qd2 Rc8 11. 0-0-0 Ne5 12. Bh6 Bxh6 13. Qxh6 Rxc3 14. bxc3 Qa5 15. Kb2 Rc8 16. Qe3 Qb6 17. Ka1 Qc5 18. Rhe1 a5 19. f4 Neg4 20. Qd2 e6 21. h3 Nf2 22. Qxf2 Qxc3+ 23. Kb1 a4 24. Rd3 Qb4 25. Qd2 Qb6 26. Nf3 d5 27. exd5 Nxd5 28. Ne5 Bb5 29. Rxd5 axb3 30. Rd6 bxc2+ 31. Kb2 Qc7 32. Rc1 Ba4 33. Qb4 Bb5 34. Rd2 Ba4 35. Rd3 Ra8 36. Ra3 b5 37. Rd3 Rf8 38. Nd7 Rc8 39. Nf6+ Kg7 40. Qd4 e5 41. Qxe5 Qxe5+ 42. fxe5 Rc4 43. Ne8+ Kf8 44. Nd6 Rb4+ 45. Kc3 Rb1 46. Rxc2 b4+ 47. Kd2 Bxc2 48. Kxc2 Re1 49. Nc4 1-0

[Event "Belgrade Spring op"]
[Site "Belgrade"]
[Date "2008.03.28"]
[Round "4"]
[White "Grbic, Branko"]
[Black "Lovric, Robert"]
[Result "0-1"]
[WhiteElo "1782"]
[BlackElo "2105"]
[PlyCount "117"]
[EventDate "2008.03.25"]
[EventType "swiss"]
[EventRounds "9"]
[EventCountry "YUG"]
[SourceTitle "CBM 123 Extra"]
[Source "ChessBase"]
[SourceDate "2008.05.06"]
[SourceVersion "1"]
[SourceVersionDate "2008.05.06"]
[SourceQuality "1"]

1. e4 c5 2. Nf3 d6 3. Bb5+ Nc6 4. Bxc6+ bxc6 5. 0-0 Bg4 6. d3 e5 7. Re1 Be7 8. c3 Nf6 9. h3 Bh5 10. Bg5 h6 11. Bh4 g5 12. Bg3 Qd7 13. Nbd2 g4 14. hxg4 Bxg4 15. Qc2 Nh5 16. Bh2 Rg8 17. Kf1 Bxf3 18. Nxf3 Qg4 19. Ke2 Kd7 20. Rg1 c4 21. Kf1 cxd3 22. Qxd3 Kc7 23. Rd1 Rgd8 24. Re1 a5 25. c4 Ng7 26. Qc3 Ne6 27. Rc1 f6 28. Rh1 Rg8 29. Ne1 Qxe4 30. Bg1 Nf4 31. Qc2 Qxc2 32. Rxc2 Bf8 33. f3 Rg6 34. Be3 Ne6 35. Nd3 c5 36. Nf2 f5 37. Nd1 f4 38. Bf2 Kc6 39. Nc3 Rd8 40. Rd2 Nc7 41. Rc2 d5 42. cxd5+ Nxd5 43. a3 Nxc3 44. Rxc3 Rd1+ 45. Be1 Rb1 46. Rc2 Rd6 47. Ke2 Rdd1 48. Kf2 Kb5 49. Re2 Ka4 50. Rh5 Bg7 51. Rf5 e4 52. Rxe4+ Bd4+ 53. Kf1 Kb3 54. Rfxf4 Rxb2 55. Re2 Rdb1 56. g4 Bc3 57. Rfe4 Rxe1+ 58. Rxe1 Bxe1 59. Rxe1 0-1

[Event "Belgrade Spring op"]
[Site "Belgrade"]
[Date "2008.03.27"]
[Round "3"]
[White "Lovric, Robert"]
[Black "Mihajlovic, Miodrag"]
[Result "0-1"]
[WhiteElo "2105"]
[BlackElo "2220"]
[PlyCount "129"]
[EventDate "2008.03.25"]
[EventType "swiss"]
[EventRounds "9"]
[EventCountry "YUG"]
[SourceTitle "CBM 123 Extra"]
[Source "ChessBase"]
[SourceDate "2008.05.06"]
[SourceVersion "1"]
[SourceVersionDate "2008.05.06"]
[SourceQuality "1"]

1. e4 c5 2. Nf3 d6 3. d4 cxd4 4. Nxd4 Nf6 5. Nc3 a6 6. Bg5 e6 7. f4 Qb6 8. Qd2 h6 9. Bxf6 gxf6 10. 0-0-0 Nc6 11. Nb3 h5 12. Be2 Bd7 13. Rhf1 0-0-0 14. Kb1 Be7 15. Bf3 Kb8 16. h4 Rc8 17. Qe2 Na7 18. Qf2 Qc7 19. Rd2 Rcd8 20. Rfd1 Be8 21. Ne2 Nc8 22. Rd3 Qb6 23. Qxb6 Nxb6 24. Ng3 Bb5 25. Re3 Nc4 26. Rc3 Rc8 27. Nd4 Be8 28. Kc1 f5 29. exf5 Bxh4 30. Nde2 Bf6 31. Rb3 Na5 32. Rb6 Bc6 33. Bxc6 Nxc6 34. Ne4 Bd8 35. Rb3 d5 36. Ng5 Bxg5 37. fxg5 exf5 38. Rxd5 Rhe8 39. Ng3 f4 40. Nxh5 Re4 41. Kd1 Rce8 42. Rf3 Nb4 43. Rd7 Kc8 44. Nf6 Re1+ 45. Kd2 R8e2+ 46. Kc3 Nxa2+ 47. Kb3 Nc1+ 48. Kb4 Rxc2 49. Rh3 Rxb2+ 50. Kc3 Rb3+ 51. Kd2 Rxh3 52. gxh3 Rg1 53. Rxf7 Nb3+ 54. Kc3 Rg3+ 55. Kb2 Nc5 56. Rf8+ Kc7 57. Nd5+ Kd6 58. Nxf4 Rxg5 59. h4 Rg4 60. Ka3 Rxh4 61. Ne2 b5 62. Rf6+ Ke5 63. Rc6 Kd5 64. Rc8 b4+ 65. Kb2 0-1

[Event "Belgrade Winter op"]
[Site "Belgrade"]
[Date "2008.01.26"]
[Round "5"]
[White "Starcevic, Goran"]
[Black "Lovric, Robert"]
[Result "1-0"]
[WhiteElo "2236"]
[BlackElo "2105"]
[PlyCount "109"]
[EventDate "2008.01.22"]
[EventType "swiss"]
[EventRounds "9"]
[EventCountry "YUG"]
[SourceTitle "CBM 122 Extra"]
[Source "ChessBase"]
[SourceDate "2008.03.04"]
[SourceVersion "1"]
[SourceVersionDate "2008.03.04"]
[SourceQuality "1"]

1. d4 f5 2. g3 g6 3. Bg2 Nf6 4. Nh3 Bg7 5. 0-0 0-0 6. Nf4 d6 7. Nc3 c6 8. h4 Qe8 9. d5 Na6 10. Rb1 Bd7 11. b4 Rb8 12. Be3 Ng4 13. Bd4 Bxd4 14. Qxd4 c5 15. bxc5 dxc5 16. Qd2 b5 17. Nd1 Rb6 18. f3 Ne5 19. Nb2 Qb8 20. e4 Rbf6 21. exf5 Bxf5 22. Rbe1 R8f7 23. Qe2 Nd7 24. Kh2 Nb4 25. c3 Nxa2 26. Nd1 Nc1 27. Qe3 Nb3 28. Ne6 a5 29. Ng5 Rg7 30. f4 c4 31. Nf2 Ndc5 32. Nf3 a4 33. Ne5 h5 34. Nc6 Qc7 35. Nh3 e6 36. Ng5 Qd6 37. Nb4 Nd3 38. Rd1 Nxb4 39. cxb4 Bd3 40. dxe6 Re7 41. Rfe1 Nd4 42. Qf2 Rfxe6 43. Nxe6 Rxe6 44. Rxe6 Nxe6 45. Qe3 Nd4 46. Re1 Kg7 47. Qe8 Be2 48. Qe3 Kf8 49. Qc3 Bd3 50. Kh1 Nc2 51. Qh8+ Kf7 52. Re5 Nxb4 53. Re8 c3 54. Qg8+ Kf6 55. Rf8+ 1-0

[Event "Belgrade Winter op"]
[Site "Belgrade"]
[Date "2008.01.24"]
[Round "3"]
[White "Scepanovic, Rade"]
[Black "Lovric, Robert"]
[Result "1-0"]
[WhiteElo "2284"]
[BlackElo "2105"]
[PlyCount "69"]
[EventDate "2008.01.22"]
[EventType "swiss"]
[EventRounds "9"]
[EventCountry "YUG"]
[SourceTitle "CBM 122 Extra"]
[Source "ChessBase"]
[SourceDate "2008.03.04"]
[SourceVersion "1"]
[SourceVersionDate "2008.03.04"]
[SourceQuality "1"]

1. d4 f5 2. g3 g6 3. Bg2 Nf6 4. c4 Bg7 5. Nc3 0-0 6. Nh3 d6 7. d5 c6 8. 0-0 Qe8 9. Re1 Na6 10. Be3 Bd7 11. Qd2 Ng4 12. Bf4 Ne5 13. b3 Nf7 14. Ng5 Nc7 15. e4 fxe4 16. Ngxe4 Ne5 17. c5 Qf7 18. cxd6 Nxd5 19. Nxd5 cxd5 20. Ng5 Qf5 21. Bxe5 Bxe5 22. Qxd5+ e6 23. Qxe5 Qxf2+ 24. Kh1 Rf5 25. Nh3 Qb6 26. Qe3 Qxd6 27. Bxb7 Raf8 28. Bg2 h5 29. Nf4 e5 30. Rad1 exf4 31. Rxd6 fxe3 32. Rxd7 Rf2 33. Rxe3 Rxa2 34. h4 Rff2 35. Re8+ 1-0

[Event "Belgrade Ada op"]
[Site "Belgrade"]
[Date "2005.08.21"]
[Round "7"]
[White "Lovric, Robert"]
[Black "Lundin, Jan"]
[Result "0-1"]
[WhiteElo "2104"]
[BlackElo "2262"]
[PlyCount "86"]
[EventDate "2005.08.15"]
[EventType "swiss"]
[EventRounds "9"]
[EventCountry "YUG"]
[SourceTitle "CBM 107 Extra"]
[Source "ChessBase"]
[SourceDate "2005.09.01"]
[SourceVersion "1"]
[SourceVersionDate "2005.09.01"]
[SourceQuality "1"]

1. e4 c5 2. Nf3 e6 3. d4 cxd4 4. Nxd4 Nf6 5. Nc3 d6 6. Be3 Be7 7. f3 Nc6 8. Qd2 0-0 9. 0-0-0 d5 10. exd5 Nxd5 11. Nxd5 Qxd5 12. c4 Qd6 13. Nb5 Qb8 14. a3 Rd8 15. Qc2 Rxd1+ 16. Qxd1 e5 17. Bd3 Be6 18. Rf1 Na5 19. Qa4 Nxc4 20. Bxc4 Qc8 21. Nxa7 Rxa7 22. Bxa7 Bxc4 23. Qc2 Bg5+ 24. f4 Bxf4+ 25. Rxf4 exf4 26. b3 Be6 27. Qxc8+ Bxc8 28. Bb8 g5 29. Kd2 Kg7 30. a4 Bd7 31. Kd3 Kf6 32. Kd4 Kf5 33. Bc7 h5 34. g3 fxg3 35. hxg3 Kg4 36. Ke3 f5 37. Kf2 h4 38. gxh4 Kxh4 39. Bd8 Kg4 40. Bc7 f4 41. Bd8 Kf5 42. Bc7 g4 43. Bb6 g3+ 0-1

[Event "Belgrade Ada op"]
[Site "Belgrade"]
[Date "2005.08.19"]
[Round "5"]
[White "Lovric, Robert"]
[Black "Tasic, Zoran T"]
[Result "0-1"]
[WhiteElo "2104"]
[BlackElo "2236"]
[PlyCount "68"]
[EventDate "2005.08.15"]
[EventType "swiss"]
[EventRounds "9"]
[EventCountry "YUG"]
[SourceTitle "CBM 107 Extra"]
[Source "ChessBase"]
[SourceDate "2005.09.01"]
[SourceVersion "1"]
[SourceVersionDate "2005.09.01"]
[SourceQuality "1"]

1. e4 e6 2. d4 d5 3. Nc3 Bb4 4. e5 Ne7 5. a3 Bxc3+ 6. bxc3 c5 7. Qg4 Nf5 8. Bd3 h5 9. Qh3 Qa5 10. Bd2 Qa4 11. g4 Ne7 12. gxh5 c4 13. Be2 Qxc2 14. Nf3 Bd7 15. Qg4 Nbc6 16. Rc1 Qh7 17. Ng5 Qg8 18. f4 Na5 19. 0-0 Nb3 20. Rc2 Nf5 21. Kf2 Qf8 22. Be3 0-0-0 23. Ra2 Ba4 24. Bd1 Qe7 25. Bc2 g6 26. Nxf7 Qxf7 27. hxg6 Rhg8 28. gxf7 Rxg4 29. Bxf5 exf5 30. Rg1 Bd7 31. Rxg4 fxg4 32. Kg3 Bf5 33. Rb2 Kd7 34. Bf2 Ke6 0-1